00838nam a2200193 a 450000100100000000500170001000800410002704000250006810000190009324000380011224501740015026000540032430000200037850000520039850001050045070000250055570000280058071000360060800003513420200930074127.0111025s1917 sp 000 0 spa d aDO-SdBNPbspacBNPHU1 aJover, Gonzalo10aJudith, la viuda hebrea.kLibreto10aJudith, la viuda hebrea :bopereta bufo-trágica en un acto y cinco cuadros /c/ coriginal de Gonzalo Jover y Juan Eugenio Morant ; música del maestro José Padilla. aMadrid :bSociedad de Autores Españoles,c1917. a40 p. ;c21 cm. aaIncluye relación de obras de los libretistas aEstrenada con gran éxito en el Teatro Victoria de Barcelona, la noche del 21 de Septiembre de 19171 aMorant, Juan Eugenio1 aPadilla, Joséemús.2 aSociedad de Autores Españoles